• 首页
  • 本馆介绍
  • 公告通知
  • 最新文献
  • 馆藏检索
  • 电子资源
  • 读者导购
  • 参考咨询
  • 我的图书馆
  • 登录
  • 详细信息显示
  • 放入我的书架
  • 预约/预借图书
  • 作者相关作品
  • 分类相关作品
  • 丛书相关作品
  • 出版社相关作品

书目信息

  • 表格格式
  • 工作单格式
  • 卡片格式
题名:
古籍保护与修复技术研究
    
 
作者: 孙治国 著
分册:  
出版信息: 长春   吉林大学出版社  2021
页数: 193页
开本: 24cm
丛书名:
单 册:
中图分类: G253.6 , G25
科图分类:
主题词: 古籍--图书保护--研究--中国 , 古籍--修复--研究--中国
电子资源:
ISBN: 978-7-5692-8728-8
000 00776nam0 2200241 450
001 2367921612
005 20231119185218.86
010    @a978-7-5692-8728-8@dCNY58.00
100    @a20211126d2021 em y0chiy50 ea
101 0  @achi
102    @aCN@b220000
105    @ay z 000yy
200 1  @a古籍保护与修复技术研究@Agu ji bao hu yu xiu fu ji shu yan jiu@f孙治国著
210    @a长春@c吉林大学出版社@d2021
215    @a193页@d24cm
330    @a本书分七章,内容包括:中国古籍概况、古籍损坏的原因和症状、古籍载体的耐久性及保护路径、保护古籍的基本策略等。
606 0  @a古籍@x图书保护@x研究@y中国
606 0  @a古籍@x修复@x研究@y中国
690    @aG253.6@v5
690    @aG25@v4
701  0 @a孙治国@Asun zhi guo@4著
801  0 @aCN@b山东中教@c20231119
905    @aBZT@dG25@e18
    
    古籍保护与修复技术研究/孙治国著.-长春:吉林大学出版社,2021
    193页;24cm
    
    
    ISBN 978-7-5692-8728-8:CNY58.00
    本书分七章,内容包括:中国古籍概况、古籍损坏的原因和症状、古籍载体的耐久性及保护路径、保护古籍的基本策略等。
●
相关链接 在五车中查询图书 在当当中查询图书 在豆瓣中查询图书


正题名:古籍保护与修复技术研究     索取号:G25/18         预约/预借

序号 登录号 条形码 馆藏地/架位号 状态 备注
1 2000986295   2000986295   中教第一批/山东中教(第一批)/347/ [索取号:G25/18] 在馆    
2 2000986296   2000986296   中教第一批/山东中教(第一批)/347/ [索取号:G25/18] 在馆    
3 2000986297   2000986297   中教第一批/山东中教(第一批)/347/ [索取号:G25/18] 在馆    
4 2000986298   2000986298   中教第一批/山东中教(第一批)/347/ [索取号:G25/18] 在馆    
5 2000986299   2000986299   中教第一批/山东中教(第一批)/347/ [索取号:G25/18] 在馆    
6 2000986300   2000986300   中教第一批/山东中教(第一批)/347/ [索取号:G25/18] 在馆    
山东省滨州职业学院图书馆 欢迎您!
大连网信软件有限公司© 版权所有